| 000 | 00859aam a2200289 i 4500 | ||
|---|---|---|---|
| 001 | 768714001 | ||
| 003 | CO-MdFUSB | ||
| 005 | 20250429155053.0 | ||
| 007 | ta | ||
| 008 | 250429t1886 -us |||| |||| 00| 0 eng d | ||
| 040 | _cCO-MdFUSB | ||
| 041 | 0 | _aeng | |
| 082 | 0 | 4 |
_223 _a239 _bP6242m |
| 100 | 1 |
_aPierson, Arturo T. (Arthur Tappan) (1837-1911) _eautor |
|
| 245 | 1 | 0 |
_a"Many infallible proofs" : _bthe evidences of christianity. Or the written and living word of God _c/ Arthur T. Pierson |
| 264 | 1 |
_bFleming H. Revell, _aNew York, NY., USA : _c[1886] |
|
| 264 | 4 | _c©1886 | |
| 300 | _a317 páginas | ||
| 336 |
_atexto _btxt _2rdacontent |
||
| 337 |
_2rdamedia _asin mediación _bn |
||
| 338 |
_2rdacarrier _avolumen _bnc |
||
| 563 | _aPasta dura | ||
| 650 | 7 |
_aApologética _9187 |
|
| 942 | _cBK | ||
| 945 | _aJTF-925 | ||
| 999 |
_c35279 _d35279 |
||